| 000 | 00730 a2200277 4500 | ||
|---|---|---|---|
| 001 | 200421818 | ||
| 999 |
_c200421818 _d27144 |
||
| 003 | TR-AnTOB | ||
| 005 | 20220422143329.0 | ||
| 008 | 150415e1984 tu 000 0 | ||
| 040 |
_aTR-AnTOB _beng _erda |
||
| 041 | _atur | ||
| 050 | 0 |
_aHM621 _b.C43 1984 |
|
| 090 | _aHM621 .C43 1984 | ||
| 100 |
_aÇeçen, Anıl, _d1948- _926913 |
||
| 245 | 1 | 0 |
_aKültür ve politika / _cAnıl Çeçen. |
| 264 | 1 |
_aİstanbul : _bHil yayın, _c1984 |
|
| 300 |
_a261 pages ; _c20 cm. |
||
| 336 |
_atext _2rdacontent |
||
| 337 |
_aunmediated _2rdamedia |
||
| 338 |
_avolume _2rdacarrier |
||
| 490 | 0 |
_aHil yayınları _v16 |
|
| 650 | 0 |
_aCulture _94667 |
|
| 650 | 7 |
_aKültür _2etuturkob _98721 |
|
| 942 | _cBK | ||